| 000 | 00394 a2200145 4500 | ||
|---|---|---|---|
| 245 |
_aTouching The Moon _hprint |
||
| 020 | _a0749303115 (pbk.) | ||
| 650 | _aEnglish Novel | ||
| 005 | 20191021095016.0 | ||
| 260 |
_aenk _bMandarin _cc1990 |
||
| 084 | _aDT433.225 .P74 1990 | ||
| 300 |
_a199 p. : map _b 20 cm. _c199 p. : map ; 20 cm. |
||
| 500 | _aJohn Preston. | ||
| 490 | _aA Mandarin paperback | ||
| 999 |
_c11703 _d11703 |
||